000 00401nam a2200157Ia 4500
003 LK-CoDNM
008 010623t1984 xxu||||| |||| 00| 1 eng d
040 _aLK-CoDNM
_dLK-CoDNM
_eLK-CoDNM
041 _aeng
080 _a(x)378.9 SRI
245 _aEducational programme 1984
260 _bSri Lanka foundation institute
_aColombo
_c1984
300 _b45, 21 cm
650 _aEducation
942 _cBK
999 _c112398
_d112398